| 000 | 00780nam a2200241Ia 4500 | ||
|---|---|---|---|
| 003 | GCL | ||
| 008 | 140319s9999 xx 000 0 ara d | ||
| 020 | _a9265979977 | ||
| 040 |
_aGCL / _cGCL |
||
| 082 | 0 | 4 |
_a352.379 _bص ت |
| 100 | 1 | _aصلاح نصر | |
| 245 | 1 | 0 |
_aتاريخ المخابرات : _bمجلد 1 حرب العقل والمعرفة - مجلد 2 الحرب الخفية / _cصلاح نصر |
| 250 | _aالاولى | ||
| 260 |
_aالقاهرة : _bدار الخيال ، _c2002 |
||
| 300 |
_a2 مج ؛ _c24 سم |
||
| 650 | 0 | 4 | _aالمخابرات |
| 650 | 0 | 4 | _aالامن القومى |
| 650 | 0 | 4 | _aالحروب |
| 650 | 0 | 4 | _aالجواسيس |
| 650 | 0 | 4 | _aالجاسوسية |
| 650 | 0 | 4 | _aالمخابرات العسكرية - مصر |
| 942 |
_2ddc _cBK |
||
| 999 |
_c6138 _d6138 |
||